000 00290nam a2200109Ia 4500
008 200302s9999 xx 000 0 und d
100 _aAxel Hausberg
245 _aConstruction and Design Manual Architectural Photography
260 _bDom Publishing Co.,
260 _c2012
300 _a287 P.,
999 _c3155
_d3155